000 00512 a2200193 4500
001 139873
040 _cLeonardo Da Vinci
041 _aPortuguês
082 _aJ D86m
_bD86m
100 _aDRUON, Maurice
245 _aO menino do dedo verde
250 _a27.ed
260 _bJosé Olympio
_c1983
_aRio de Janeiro
300 _a149
362 _a19830000
500 _aD. Marcos Barbosa (Tradução)
697 _aLiteratura juvenil
_aLiteratura infanto-juvenil
_aAventura
_aFicção
_aPoesia
942 _cBK
999 _c139873
_d139873